Leopard or Jaguar - Statistics

General Stats
  • This quiz has been taken 344 times
  • The average score is 8 of 10
Answer Stats
Question Answer % Correct
Lives in South America Jaguar
92%
Lives in Asia and Africa Leopard
89%
More powerful bite Jaguar
88%
Longer tail Leopard
86%
More Muscular Jaguar
85%
Love water Jaguar
84%
Smaller Leopard
77%
have rosette patterns and spots in them Jaguar
70%
Longer Leopard
56%
Braver Jaguar
47%
No matching quizzes found
Score Distribution
Percent of People with Each Score
Percentile by Number Answered
Your Score History
You have not taken this quiz